<?xml version="1.0" encoding="UTF-8"?>
<record
    xmlns:xsi="http://www.w3.org/2001/XMLSchema-instance"
    xsi:schemaLocation="http://www.loc.gov/MARC21/slim http://www.loc.gov/standards/marcxml/schema/MARC21slim.xsd"
    xmlns="http://www.loc.gov/MARC21/slim">

  <leader>01656nas a2200277Ia 4500</leader>
  <controlfield tag="001">R239-R2628</controlfield>
  <controlfield tag="003">IT-CnALBA</controlfield>
  <controlfield tag="008">170116c99999999xx ||||||||||||   ||und||</controlfield>
  <datafield tag="040" ind1=" " ind2=" ">
    <subfield code="a">IT-CnALBA</subfield>
    <subfield code="c">IT-CnALBA</subfield>
  </datafield>
  <datafield tag="041" ind1=" " ind2=" ">
    <subfield code="a">ITALIANO</subfield>
  </datafield>
  <datafield tag="100" ind1=" " ind2=" ">
    <subfield code="a">MARITAIN JACQUES</subfield>
  </datafield>
  <datafield tag="210" ind1=" " ind2=" ">
    <subfield code="a">FIDES</subfield>
  </datafield>
  <datafield tag="222" ind1=" " ind2=" ">
    <subfield code="a">FIDES</subfield>
  </datafield>
  <datafield tag="245" ind1=" " ind2="0">
    <subfield code="a">FIDES. RIVISTA DELLA PONTIFICIA OPERA PER LA PRESERVAZIONE DELLA FEDE. N. I-IV. ANNO XLV-XLVI. 1946. </subfield>
  </datafield>
  <datafield tag="250" ind1=" " ind2=" ">
    <subfield code="a">1a ed.</subfield>
  </datafield>
  <datafield tag="260" ind1=" " ind2=" ">
    <subfield code="a"> ROMA</subfield>
    <subfield code="b">VATICANA - LIBR. EDITR. POLIGL. </subfield>
    <subfield code="c">1946</subfield>
  </datafield>
  <datafield tag="300" ind1=" " ind2=" ">
    <subfield code="a">199 p. </subfield>
  </datafield>
  <datafield tag="310" ind1=" " ind2=" ">
    <subfield code="a">TRIMESTRALE</subfield>
  </datafield>
  <datafield tag="362" ind1=" " ind2=" ">
    <subfield code="a">Fascicolo: 1-4 / Anno: 46 (1946)</subfield>
  </datafield>
  <datafield tag="500" ind1=" " ind2=" ">
    <subfield code="a">INDICE DEGLI ARTICOLI E ANALITICO 1946. FEDE E OPERE. RELIGIONE E POLITICA. LO PA HONG UOMO DI AZIONE CATTOLICA. CANZONE DI BERNARDETTA. UNIT&#xC0; CATTOLICA. UNIT&#xC0; CRISTIANA E LA GUERRA. LETTERATURA E TEOLOGIA. LETTURA A VANVERA. CONVERSIONE DI NEWMAN. PROTESTANTI IN ITALIA. TORRE PELICE, DIVINIT&#xC0; DI CRISTO. DOCUMENTI LIBRI. WERPEL F. WILLIAMSON B. DU MONT C. POMPILI A. GIORDANI I. TOMMASI A. OTTONELLO G.B. </subfield>
  </datafield>
  <datafield tag="501" ind1=" " ind2=" ">
    <subfield code="a">Societ&#xE0; San Paolo EM - Piazza San Paolo, 14 - 12051 ALBA (CN)  (non commercial uses only) &#xAE; Copyright 2017</subfield>
  </datafield>
  <datafield tag="520" ind1=" " ind2=" ">
    <subfield code="a">INDICE DEGLI ARTICOLI E ANALITICO 1946. FEDE E OPERE. RELIGIONE E POLITICA. LO PA HONG UOMO DI AZIONE CATTOLICA. CANZONE DI BERNARDETTA. UNIT&#xC0; CATTOLICA. UNIT&#xC0; CRISTIANA E LA GUERRA. LETTERATURA E TEOLOGIA. LETTURA A VANVERA. CONVERSIONE DI NEWMAN. PROTESTANTI IN ITALIA. TORRE PELICE, DIVINIT&#xC0; DI CRISTO. DOCUMENTI LIBRI. WERPEL F. WILLIAMSON B. DU MONT C. POMPILI A. GIORDANI I. TOMMASI A. OTTONELLO G.B. </subfield>
  </datafield>
  <datafield tag="650" ind1=" " ind2=" ">
    <subfield code="a">APOLOGETICA E CONTROVERSIE</subfield>
  </datafield>
  <datafield tag="942" ind1=" " ind2=" ">
    <subfield code="c">CR</subfield>
  </datafield>
  <datafield tag="957" ind1=" " ind2=" ">
    <subfield code="7">1</subfield>
  </datafield>
  <datafield tag="999" ind1=" " ind2=" ">
    <subfield code="a">12606</subfield>
    <subfield code="b">SI </subfield>
    <subfield code="g">1</subfield>
    <subfield code="c">320703</subfield>
    <subfield code="d">320703</subfield>
  </datafield>
  <datafield tag="952" ind1=" " ind2=" ">
    <subfield code="0">0</subfield>
    <subfield code="1">0</subfield>
    <subfield code="4">0</subfield>
    <subfield code="6">R_239R2628</subfield>
    <subfield code="7">1</subfield>
    <subfield code="a">ALBA</subfield>
    <subfield code="b">ALBA</subfield>
    <subfield code="d">2017-01-16</subfield>
    <subfield code="l">0</subfield>
    <subfield code="o">R239-R2628</subfield>
    <subfield code="r">2017-01-16 00:00:00</subfield>
    <subfield code="w">2017-01-16</subfield>
    <subfield code="y">CR</subfield>
    <subfield code="z">(data import: 16 gennaio 2017) - By Epidotti, Vaglietti. </subfield>
  </datafield>
</record>
